000 00277nam a22001337a 4500
008 171017b xxu||||| |||| 00| 0 eng d
020 _a0697007987
041 _aeng
080 _a338
100 _a53
101 _aMEN
245 _aMANAGMENT
_cCERITO.S.C
942 _2udc
_cBK
999 _c34522
_d34522